Biggest U.S. Cities ending in "-land" - Statistics

General Stats
  • This quiz has been taken 49 times
  • The average score is 9 of 26
Answer Stats
Population # City % Correct
635,749 OR Portland
95%
69,568 ME Portland
95%
365,379 OH Cleveland
76%
50,232 TN Cleveland
76%
443,554 CA Oakland
66%
143,687 TX Midland
58%
42,780 MI Midland
58%
250,431 TX Garland
50%
124,990 FL Lakeland
37%
81,102 CO Loveland
34%
109,851 TX Sugar Land
34%
64,372 WA Richland
26%
82,745 MI Westland
26%
53,250 NE Grand Island
24%
129,620 TX Pearland
24%
95,499 WA Kirkland
21%
62,070 NJ Vineland
18%
62,983 CA Woodland
16%
45,587 FL DeLand
13%
38,158 SC Hilton Head Island
13%
34,451 NC Leland
13%
39,700 FL Parkland
13%
79,684 CA Upland
13%
56,499 CA Highland
11%
35,023 MI Holland
11%
36,434 IL Rock Island
8%
No matching quizzes found
Score Distribution
Percent of People with Each Score
Percentile by Number Answered
Your Score History
You have not taken this quiz